| 000 | 00859nam a22002057a 4500 | ||
|---|---|---|---|
| 999 |
_c13297 _d13297 |
||
| 003 | AR-CdUCM | ||
| 008 | 190411b ||||| |||| 00| 0 spa d | ||
| 040 |
_aMUNICIPALIDAD PROVINCIAL DEL CUSCO _cBIBLIOTECA MUNICIPAL DEL CUSCO |
||
| 082 |
_aC / 378.05 / _bC93 |
||
| 100 |
_aCuadros y Villena, Carlos Ferdinand, _912084 |
||
| 245 | _aFunción y perspectiva de la Facultad de Derecho del Cuzco / | ||
| 260 |
_aCuzco : _bH.G. Rozas, _c1965. |
||
| 300 |
_a252 paginas ; _bHojas plegables, _c29 cm. |
||
| 505 | _aContenido :Profesionalización de la abogacía -- Función de asesoría al estado y a la sociedad -- Conservación y difusión de la cultura -- Función administrativa... | ||
| 650 |
_aAsesorias _931643 |
||
| 650 |
_aProfesión de derecho _931644 |
||
| 650 |
_aEstudio socio jurídica _931645 |
||
| 942 |
_2ddc _cLIBROS |
||
| 945 |
_awnts _d2019-04-11 |
||